| 000 | 00630cam a22001691 4500 | ||
|---|---|---|---|
| 082 |
_a380.1 _bMAI |
||
| 100 | 1 |
_aMairet, G. _949750 |
|
| 245 | 1 | 0 |
_aTrade, transport and finance, _bwith examination questions in the teory and practice of commerce, business organization and commercial correspondence, _cby G. Mairet. |
| 260 |
_aLondon, _bMacmillan and co., limited, _c1923. |
||
| 300 |
_avii, [1], 444 p. _billus. (facsims.) diagrs., forms (part fold.) _c19 cm. |
||
| 526 |
_a0 _b0 _c0 _d380_100000000000000_MAI |
||
| 650 | 0 | _aBusiness. | |
| 650 | 0 | _aCommerce. | |
| 650 | 0 |
_aFinance. _913793 |
|
| 650 | 0 |
_aMCE _9379 |
|
| 942 |
_2ddc _cBK |
||
| 999 |
_c552517 _d552517 |
||